000 00532nam a2200181Ia 4500
008 090124s9999 xx 000 0 und d
082 _b28053
100 _aभडभडे शुभांगी
245 _a ऊन सावली
250 _a1
260 _bवसंत बुक स्टॉल
_c1989
300 _a213
600 _aभडभडे शुभांगी
630 _a ऊन सावली
700 _aभडभडे शुभांगी
730 _a ऊन सावली
942 _cBOOK
999 _c95233
_d95233